[Event "SCG-ch 1st"]
[Site "Kopaonik"]
[Date "2005.04.15"]
[Round "13"]
[White "Antic, Dejan"]
[Black "Markovic, Miroslav"]
[Result "1-0"]
[WhiteElo "2488"]
[BlackElo "2509"]
[Annotator "Meulders,R"]
[PlyCount "31"]
[EventDate "2005.04.02"]
[EventType "tourn"]
[EventRounds "13"]
[EventCountry "YUG"]
[EventCategory "11"]
[SourceTitle "CBM 107"]
[Source "ChessBase"]
[SourceDate "2005.08.01"]
[SourceVersion "1"]
[SourceVersionDate "2005.08.01"]
[SourceQuality "1"]

1. d4 Nf6 2. c4 d6 3. Nc3 Bf5 4. f3 e5 5. e4 exd4 6. Qxd4 Be6 (6... Nc6) 7. Be3
c6 (7... g6 8. Qd2 Bg7 9. Bd3 (9. Rc1 O-O 10. b3 Nc6 11. Nge2 Nd7 12. Nf4 Nc5
13. Be2 a5 14. Nb5 Bd7 15. O-O Ne7 16. Rfd1 $16 {0-1 Suba,M-Georgiev,V/
Balaguer 1997 (39)}) (9. b3 O-O 10. Nge2 a5 11. Nd4 Nc6 12. Be2 Re8 13. O-O Bd7
{1/2-1/2 Paunovic,T-Martinovic,S/Belgrade 2004 (13)}) 9... Nbd7 10. Nge2 Ne5
11. b3 c6 12. O-O O-O 13. Nf4 d5 14. cxd5 cxd5 15. exd5 Nxd5 16. Nfxd5 Bxd5 17.
Nxd5 (17. Bxg6 $5 Nxg6 18. Nxd5 Bxa1 19. Rxa1 $16) 17... Qxd5 18. Be4 Qxd2 19.
Bxd2 Rad8 20. Bg5 $16 {1/2-1/2 De Boer,G-Ligterink,G/Amsterdam 1987 (30)}) (
7... Nbd7 8. Be2 g6 9. Qd2 Bg7 10. g4 O-O 11. h4 Ne5 12. b3 c6 13. Rc1 d5 14.
g5 (14. cxd5 $1) 14... Nh5 15. cxd5 cxd5 16. f4 d4 $1 $17 17. Bxd4 Nxf4 18.
Qxf4 Qxd4 19. Nf3 Nxf3+ 20. Qxf3 Rac8 21. Bc4 Bxc4 22. bxc4 Rxc4 23. Ne2 Rxc1+
24. Nxc1 Re8 {0-1 Koepcke,R-Shirazi,K/Boston 1988 (24)}) 8. b3 Nbd7 9. Nge2 Qa5
$6 (9... Be7) 10. Qd2 Rd8 $2 {Schwarz hätte wohl besser sofort den
Königsflügel entwickelt.} (10... Be7 11. Nd4 O-O 12. Bd3 (12. Be2 d5 13. Nxe6
fxe6 14. cxd5 Bb4 $17) 12... d5 13. exd5 cxd5 14. Nxe6 fxe6 15. O-O Ne5 $11)
11. Nf4 Nc5 {[%csl Ra1,Rb3][%cal Gc5b3]} 12. Rc1 Bc8 $2 {Nach dieses weiteres
Zögern ist die schwarze Lage kritisch.} (12... Be7 13. Qb2 Qb4 14. Rb1 O-O 15.
a3 Qb6 {[%csl Re3]} 16. Qc1 Qc7 17. b4 $14) 13. Be2 g6 $4 (13... Be7 $16) 14.
Qb2 $18 {[%csl Ra5,Rc5,Rf6,Rh8][%cal Gb2h8,Gb3b4]} Qb4 (14... Bg7 15. b4 Qb6
16. Qb1 $18 {[%csl Rb6,Rc5][%cal Ge3b6]}) 15. Bd2 Bh6 16. Nd1 {[%csl Rb4,Rf6]}
1-0

[Event "Pulvermuehle 2nd"]
[Site "Pulvermuehle"]
[Date "2004.02.19"]
[Round "1"]
[White "Gustafsson, Jan"]
[Black "Bezold, Michael"]
[Result "1-0"]
[WhiteElo "2572"]
[BlackElo "2456"]
[Annotator "Meulders,R"]
[PlyCount "74"]
[EventDate "2004.02.19"]
[EventType "tourn"]
[EventRounds "11"]
[EventCountry "GER"]
[EventCategory "11"]
[SourceTitle "CBM 100"]
[Source "ChessBase"]
[SourceDate "2004.06.01"]
[SourceVersion "1"]
[SourceVersionDate "2004.06.01"]
[SourceQuality "1"]

1. d4 d6 2. Nf3 Bg4 3. c4 Nd7 4. Nc3 e5 5. g3 Bxf3 (5... Be7 6. Bg2 Ngf6 $11)
6. exf3 Ngf6 7. Bg2 c6 8. O-O Be7 9. f4 O-O (9... exd4 10. Qxd4 a5 (10... O-O
11. Be3 Re8 12. Rad1 Qa5 13. Rfe1 Qb4 14. b3 $14) 11. b3 O-O 12. Rb1 Qb6 13.
Qd2 Nc5 14. Bb2 Rfe8 15. Rfd1 Rad8 16. Qc2 Nfd7 17. Ba1 Qc7 18. Qd2 Nb6 19. Ne2
Bf8 20. Bf3 $14 {1-0 Stocek,J-Turzo,A/Budapest 1998 (41)}) 10. b3 (10. fxe5
dxe5 11. d5 Qc7 12. dxc6 bxc6 13. Qa4 Rac8 14. b4 a5 15. Qxa5 Qxa5 16. bxa5 Bb4
17. Na4 Bxa5 18. Ba3 $14 {1/2-1/2 Ftacnik,L-Hickl,J/Jakarta 1996 (46)}) 10...
Re8 (10... exf4 11. Bxf4 $14) (10... exd4 11. Qxd4 Nc5 (11... Re8 12. Bb2 Bf8
13. Rad1 Qb6 14. Qd2 Nc5 15. Qc2 Nfd7 16. Ne4 Nxe4 17. Bxe4 h6 18. Bh7+ Kh8 19.
Bf5 Nc5 20. Qc3 $16 {1-0 Nogueiras,J-Larochelle,M/North Bay 1998 (46)}) 12. b4
Ne6 13. Qd2 a5 $11) 11. d5 c5 12. g4 Nf8 $6 {Gibt Weiß ohne weiteres einen
gefährlichen d-Freibauern.} (12... h6 13. Re1 Qc7 14. Bd2 exf4 15. Bxf4 Bf8 16.
Ne4 Nxe4 17. Bxe4 Nf6 18. Qf3 Nxe4 19. Rxe4 Rxe4 20. Qxe4 Qd7 $11) 13. fxe5
dxe5 14. g5 N6d7 15. Ne4 {[%csl Rc5,Rd6,Rf8]} Ng6 16. Qg4 Ndf8 17. d6 $1 $18
Bxd6 18. Rd1 Re6 19. Nxc5 {Gewinnt, aber Schwarz will es sich zeigen lassen.}
Bxc5 20. Rxd8 Rxd8 21. Be3 Bd4 22. Rd1 Re7 23. Bd5 Ne6 24. Bxd4 Nxd4 25. f4
Red7 26. Kf2 Nc6 27. fxe5 Ncxe5 28. Qf5 Kh8 29. Re1 Re7 30. Kg3 $4 {Ein böser
Fehler, aber Schwarz sieht es nicht.} (30. Re3 $1) 30... h5 $4 (30... Nxc4 $1 {
und Schwarz findet plötzlich eine Möglichkeit den Gegner zu verwirren. Weiß
muss genau spielen:} 31. Rxe7 $1 Nxe7 32. Qf4 $1 (32. Qf2 Rxd5 33. Qxf7 $2 Nd6
$19) 32... Nxd5 33. Qxc4 f6 34. gxf6 Nxf6 35. Qc7 Rd3+ 36. Kh4 Rd2 37. Qb8+ Ng8
38. Qxa7 Rxh2+ 39. Kg3 Rd2 40. Qxb7 Rxa2 41. b4 $18) 31. gxh6 $18 Rd6 32. h4
Rf6 33. Qg5 Rf4 34. Rxe5 $1 {Ein bekanntes Motiv: die Verwandlung eines großen
undeutlichen Vorteil in einen kleinen deutlichen Vorteil.} Rxe5 35. Qxe5 Nxe5
36. Kxf4 Nd3+ 37. Ke3 Nc1 1-0

[Event "Srajber Memorial 08th"]
[Site "Subotica"]
[Date "2003.12.02"]
[Round "5"]
[White "Markus, Robert"]
[Black "Sanduleac, Vasile"]
[Result "0-1"]
[WhiteElo "2522"]
[BlackElo "2480"]
[Annotator "Meulders,R"]
[PlyCount "68"]
[EventDate "2003.11.06"]
[EventType "tourn"]
[EventRounds "11"]
[EventCountry "YUG"]
[EventCategory "10"]
[SourceTitle "CBM 099"]
[Source "ChessBase"]
[SourceDate "2004.03.30"]
[SourceVersion "1"]
[SourceVersionDate "2004.03.30"]
[SourceQuality "1"]

1. d4 d6 2. Nf3 Bg4 3. c4 c6 4. Nc3 Nf6 5. e4 Bxf3 6. Qxf3 e5 7. d5 (7. Qd1
Nbd7 8. Be2 Be7 9. O-O Nf8 10. Be3 Ng6 11. Qd2 O-O 12. Rab1 a5 13. Rfd1 Qc7 14.
f3 $14 {1-0 Lambert,A-Braeuer,K/Wiesbaden 1988 (73)}) (7. Be3 Nbd7 8. O-O-O h5
9. h3 Qa5 10. g3 O-O-O 11. Qe2 d5 12. cxd5 cxd5 13. exd5 Bb4 14. Nb5 Qxa2 15.
dxe5 Kb8 16. Bxa7+ Ka8 17. Qc4 Rc8 18. Nc7+ Rxc7 19. Qxc7 Qa1+ 20. Kc2 Qa4+ 21.
Kc1 Qa1+ {1/2-1/2 Podbrdsky,P-Kupka,F/Plzen 2003 (21)}) 7... Be7 (7... Nbd7 8.
Be2 (8. Qd1 Be7 9. Be2 Nc5 10. Qc2 cxd5 11. exd5 a5 12. O-O O-O 13. b3 Ne8 14.
f4 exf4 15. Bxf4 Bg5 16. Bg3 $16 {0-1 Kuljasevic,D-Langheinrich,F/Saint
Vincent 2002 (60)}) 8... Be7 9. O-O O-O 10. Be3 c5 11. g3 Ne8 12. Qg4 Kh8 13.
f4 Rb8 14. f5 Nc7 15. h4 a6 16. a4 b6 17. Kg2 $14 {1-0 Khromov,V-Dziadykiewcz,
T/Pardubice 1996 (36)}) 8. Bd3 Nbd7 9. O-O O-O 10. Rd1 cxd5 11. exd5 Ne8 12.
Rb1 g6 13. b4 f5 14. Bc2 e4 15. Qe2 Bf6 16. Nb5 Be5 17. Bb3 Qh4 18. g3 {
[%csl Rf3,Rg4,Rh3][%cal Gd7f6,Gf6g4]} (18. h3 $14) 18... Qh3 19. Bf4 (19. f4
exf3 20. Qxf3 f4 21. Qg2 Qxg2+ 22. Kxg2 f3+ 23. Kf1 $11) 19... a6 20. Na3 {
[%csl Ra3]} (20. Bxe5 Nxe5 21. Nd4 Nf6 22. f4 exf3 23. Nxf3 Rae8 24. Ng5 Neg4
25. Ne6 Ne4 $11) 20... Nef6 21. Qf1 Qh5 $17 22. Re1 Bxf4 23. gxf4 Qg4+ 24. Qg2
Qxf4 $19 25. Qg3 Nh5 26. Qxf4 Nxf4 27. Nc2 Ne5 28. Re3 Nf3+ 29. Kh1 a5 30. bxa5
Rxa5 31. Rd1 g5 32. Nd4 Nxd4 33. Rxd4 Kg7 34. Rd1 g4 0-1

[Event "Nancy"]
[Site "Nancy"]
[Date "2005.02.14"]
[Round "1"]
[White "Wirig, Anthony"]
[Black "Rocha, Sergio MC"]
[Result "0-1"]
[WhiteElo "2396"]
[BlackElo "2400"]
[Annotator "Meulders,R"]
[PlyCount "82"]
[EventDate "2005.02.14"]
[EventType "tourn"]
[EventRounds "9"]
[EventCountry "FRA"]
[EventCategory "10"]
[SourceTitle "CBM 106"]
[Source "ChessBase"]
[SourceDate "2005.06.06"]
[SourceVersion "1"]
[SourceVersionDate "2005.06.06"]
[SourceQuality "1"]

1. c4 c6 2. d4 Nf6 3. Nc3 d6 4. g3 Nbd7 5. Bg2 e5 6. e3 Be7 7. Nge2 {Eine
solide aber weniger anspruchsvolle Aufstellung, die früher schon von z.B.
Taimanov und Pachman gewählt wurde.} O-O 8. O-O Qc7 9. b3 Rb8 10. a4 $11 (10.
Bd2 Re8 11. Rc1 Nf8 12. d5 Bd7 13. Kh1 Bd8 14. e4 Ng6 $11 {1/2-1/2 Kortschnoj,
V-Hickl,J/Zagreb 1987 (62)}) (10. Qd3 a6 11. a4 Re8 12. a5 exd4 13. Nxd4 Bf8
14. Bb2 Ne5 15. Qc2 b6 16. axb6 Qxb6 17. h3 c5 18. Na4 {1/2-1/2 Ribli,Z-Hickl,
J/Germany 1994 (18)}) (10. Bb2 b5 11. cxb5 cxb5 12. Rc1 Qb6 13. dxe5 Nxe5 14.
Nf4 Bg4 15. f3 Be6 (15... Qxe3+ $6 16. Kh1 Be6 17. Ncd5 Nxd5 18. Bd4 Qxc1 19.
Qxc1 Bg5 {mit einer interessanten Stellung: Weiß steht materiell etwas besser,
aber Schwarz hat aktives Spiel.}) 16. Qd4 Rfd8 17. Nxe6 fxe6 18. Qxb6 Rxb6 19.
Rfd1 $14 {1-0 Eibersberger,M-Huber,A/Graz 1999 (44)}) 10... b6 11. Ba3 {
[%csl Re7][%cal Ga3e7]} Re8 12. Qd2 a6 {[%cal Gb6b5]} 13. Rfd1 Bb7 (13... b5
14. axb5 axb5 15. dxe5 dxe5 16. Bxe7 Rxe7 17. cxb5 cxb5 18. Rac1 $14 Qb6 (18...
Qa5 $4 19. Nd5 $18 {[%csl Ra5,Re7,Rg8][%cal Gd5e7,Ge7g8]})) 14. dxe5 dxe5 15.
Bxe7 Rxe7 16. Qd6 {[%csl Rc7,Re7] Weiß hat mehr Raum und Druck auf der d-Linie.
Mit Recht meint er, das Endspiel sei günstiger für ihn.} Qxd6 17. Rxd6 {
[%csl Rb6,Rb7,Rc6][%cal Gd7c5] Der Bb7 macht noch nicht mit, aber Schwarz ist
am Zug und kann sich das Feld c5 für den Springer sichern.} Ne8 18. Rd2 a5 (
18... Nc5 19. Rb1 a5 $11) 19. Rad1 Nc5 20. Ne4 $1 Nxe4 (20... Nxb3 21. Rb2 Nc5
22. Nxc5 bxc5 23. Bxc6 $16) 21. Bxe4 {[%csl Rb6,Rb7,Rc6][%cal Gd2d8] Jetzt,
mit dem aktiven schwarzen Springer getauscht, hat Weiß doch einen kleinen
Vorteil erreicht, im Besonderen weil er die d-Linie kontrolliert.} g6 22. Bg2 (
22. g4 $6 Nf6 23. f3 $8 $11 (23. Bf3 e4 $17)) 22... Kf8 {Schwarz wartet
vernünftig ab.} (22... f5 $6 {ein optisch aktiver Zug, würde die schwarze
Stellung nur locker machen und schwächen.} 23. e4) 23. g4 Nc7 24. Ng3 Ne6 25.
Ne4 {[%csl Gd6][%cal Ge4d6] Der weiße Vorteil wird spürbarer.} h6 26. h4 b5 $2
(26... Kg7 $14) 27. Nf6 $16 {[%csl Rb8,Rf8][%cal Gf6d7]} Bc8 28. Bxc6 bxc4 29.
bxc4 Kg7 30. Ne4 $2 (30. Ne8+ $1 Kf8 31. Nd6 $18) 30... Rc7 31. Rd6 (31. Bb5
Bb7 32. f3 Bxe4 33. fxe4 Nc5 34. Rd5 Kf6 35. g5+ hxg5 36. hxg5+ Kxg5 37. Rxe5+
Kf6 $11 {[%csl Re4][%cal Gc5e4]}) 31... Rb4 32. Bb5 (32. Rc1 Ba6 $11) 32... Bb7
33. Nc3 $2 {Sein Gefühl für Gefahr lässt ihn im Stich.} (33. Nd2 $5 Nc5 34. f3
Nxa4 35. Ra1 Nc3 36. Rxa5 Nxb5 37. Rxb5 Rcxc4 $1 $11) (33. f3 $2 Bxe4 34. fxe4
Nc5 $17 {[%csl Ra4,Re4]}) 33... Bf3 {Auf einfache Weise kommt Schwarz an den
Ball.} 34. Ra1 (34. Rc1 Rcxc4 35. Bxc4 Rxc4 $17) 34... Rcxc4 $5 $19 {[%csl Rc3,
Rg4] Dieses thematisches Opfer legt die weiße Schwächen bloß.} 35. Bxc4 Rxc4
36. Rc1 (36. Ra3 $19) 36... Rxg4+ $19 37. Kf1 Rxh4 38. Ke1 Nc5 39. Rb1 Rh1+ 40.
Kd2 Rxb1 41. Nxb1 Ne4+ 0-1

[Event "Skopje op 18th"]
[Site "Skopje"]
[Date "2002.01.23"]
[Round "9"]
[White "Georgiev, Vladimir"]
[Black "Dizdarevic, Emir"]
[Result "1-0"]
[WhiteElo "2560"]
[BlackElo "2502"]
[Annotator "Meulders,R"]
[PlyCount "101"]
[EventDate "2002.01.15"]
[EventType "swiss"]
[EventRounds "9"]
[EventCountry "MKD"]
[SourceTitle "CBM 088"]
[Source "ChessBase"]
[SourceDate "2002.03.21"]
[SourceVersion "1"]
[SourceVersionDate "2002.03.21"]
[SourceQuality "1"]

1. d4 Nf6 2. c4 d6 3. Nc3 e5 4. d5 Bf5 5. f3 e4 6. Bg5 Be7 7. g4 $5 {Aggressiv
und offensichtlich neu.} (7. Qd4 c5 8. Qd2 Nbd7 9. f4 h6 10. Bxf6 Bxf6 11. e3
a6 12. Nge2 Bh4+ 13. g3 Bf6 14. Bg2 O-O 15. Nxe4 Bxe4 16. Bxe4 Re8 17. Bf3 b5
18. Rc1 $14 {1/2-1/2 Aleksandrov,D-Zirianov,R/RUS 2000/EXT 2001 (25)}) 7... Bd7
{Behält die Option um auf g4 zu opfern; eine dubiöse Idee.} (7... Bg6) 8. Be3
exf3 9. exf3 O-O 10. Qd2 {Zweifellos eine Art hinterhaltige Einladung....} Bxg4
{... die Schwarz annimmt. Die Kompensation ist aber ungenügend.} ({Eine
prosaische Fortsetzung wie} 10... c6 11. g5 Ne8 12. Bd3 Na6 13. f4 Nec7 14. Nf3
Nb4 {mit etwa gleichen Chancen erscheint mir weit vernünftiger.}) 11. fxg4 Nxg4
12. Nf3 Bh4+ 13. Kd1 Re8 {Natürlich hat Schwarz hier etwas Initiative aber sie
wiegt die Figur nicht auf.} 14. Bg1 Nd7 15. Be2 Bf2 16. Qg5 Ndf6 17. Kc1 c6 (
17... h6 18. Qf4 c6 19. h3 Be3+ 20. Bxe3 Nxe3 21. Rg1 $18) 18. Bxf2 Nxf2 19.
Rg1 {Leicht schon +-} g6 20. Rf1 N2g4 21. h3 Ne3 22. Re1 cxd5 23. cxd5 Nfxd5 {
So bekommt Schwarz einen dritten Bauer für die Figur, aber auch dann ist die
Kompensation unzureichend.} 24. Qxd8 Raxd8 25. Nxd5 Nxd5 26. Kd2 Kg7 27. Bb5
Rxe1 28. Rxe1 Rc8 29. Re4 Rc5 30. Bd3 Kf8 31. b4 Rc6 32. Rd4 Nc7 33. a4 d5 34.
Rf4 {[%cal Gf3e5,Ge5f7]} f5 35. Nd4 Rf6 36. Rf1 {[%csl Re6][%cal Gf1c1,Gc1c7]}
Ke7 37. Ke3 Kd6 38. Kf4 Ne6+ $5 (38... h6 39. h4) 39. Nxe6 Rxe6 40. Rc1 Re8 41.
b5 d4 (41... Kd7 42. b6 $1 $18) 42. Rc4 Kd5 43. Rc7 {Schluss.} Re3 44. Bc4+ Kd6
45. Rxb7 Rxh3 46. Rxa7 d3 47. Ra6+ Kc5 48. Rc6+ Kb4 49. b6 d2 50. Be2 Ka5 51.
b7 (51. b7 Rb3 52. Ra6+) 1-0

[Event "Bundesliga 0001"]
[Site "Germany"]
[Date "2001.03.10"]
[Round "10.6"]
[White "Straeter, Timo"]
[Black "Georgiev, Vladimir"]
[Result "0-1"]
[WhiteElo "2370"]
[BlackElo "2564"]
[Annotator "Meulders,R"]
[PlyCount "80"]
[EventDate "2000.10.14"]
[EventType "team-tourn"]
[EventRounds "15"]
[EventCountry "GER"]
[SourceTitle "CBM 082"]
[Source "ChessBase"]
[SourceDate "2001.05.17"]
[SourceVersion "1"]
[SourceVersionDate "2001.05.17"]
[SourceQuality "1"]
[WhiteTeam "Wattenscheid"]
[BlackTeam "Magdeburg USC"]
[WhiteTeamCountry "GER"]
[BlackTeamCountry "GER"]

1. d4 Nf6 2. c4 d6 3. Nc3 Bf5 4. f3 e5 5. e4 exd4 6. Qxd4 Nc6 7. Qd2 Be6 8. b3
h5 $5 {[%csl Rg5] Dieser neue und freche Zug schwächt selbstverständlich das
Feld g5, wohin sich jetzt der weisse B begeben könnte, falls nicht schon der
Damenflügel mit b3 geschwächt wäre und die Qd2 im Wege stünde.} ({Normal is} 
8... g6 9. Bb2 Bg7 10. Bd3 O-O 11. Nge2 Nd7 (11... a6 12. O-O Ne5 13. Rad1 Nxd3
14. Qxd3 Nd7 15. Nd4 Re8 16. Qc2 Qb8 17. Kh1 $14 {1-0 Krogius,N-Suba,M/Sochi
1977/EXT 99 (31)}) (11... a5 12. O-O Ne5 13. Rad1 a4 14. Nd4 axb3 15. axb3 Nh5
16. f4 Nc6 17. Nxc6 bxc6 18. Na4 $11 {0-1 Garcia Palermo,C-Lebredo,G/Bayamo
1983/MCD (45)}) (11... Ne5 12. Bc2 Bxc4 $2 13. f4 (13. bxc4 Nxc4 14. Qc1 $18)
13... Bh6 14. bxc4 Nxc4 15. Qc1 c6 16. Bb3 Nxb2 17. Qxb2 Bg7 18. Ng3 $18) 12.
O-O Nc5 13. Bb1 (13. f4 Nxd3 14. Qxd3 f5 15. exf5 Bxf5 16. Qd2 Qf6 17. Rae1
Rae8 18. Nd1 Qf7 19. Bxg7 {1/2-1/2 Andrianov,N-Vasiukov,E/Moscow 1984/MCL (19)}
) 13... Qf6 14. Nd1 Qe7 15. Bxg7 Kxg7 16. Ne3 {[%csl Rd5]} a5 $11 17. Bc2 f6 $6
(17... Nb4) (17... Qh4) 18. a3 $14 Nd7 19. Nc3 {[%csl Rd5]} Nb6 20. Ned5 Bxd5
21. exd5 Ne5 22. f4 Nf7 23. Rfe1 $16 {[%csl Re6]} Qd8 $6 (23... Qd7 24. Nb5 a4
$5 25. Nd4 Nd8 $14) 24. Nb5 {[%cal Gb5d4,Gd4e6] 1/2-1/2 Pogorelov,R-Ivanov,J/
Salou 2000/CBM 80/[Meulders] (64)}) 9. Bb2 ({Nicht unlogisch ist} 9. h4 $5 {
Weiss fixiert die Schwäche und dirigiert einen N nach g5.} g6 10. Nh3 Bh6 11.
Ng5 O-O 12. Bb2 $14) 9... h4 10. Nge2 h3 11. Nf4 $6 ({Mit} 11. g4 $5 {
verhindert Weiss die Isolierung des Ph2.} Ne5 12. Qe3 g6 (12... g5 13. Ng1 $16)
13. Nf4 Bh6 14. Nce2 $14) 11... hxg2 12. Qxg2 {[%csl Rh2]} Nh5 $5 13. Nxh5 (13.
Nxe6 Qh4+ 14. Qf2 Qxf2+ 15. Kxf2 fxe6 $11) 13... Rxh5 14. Nd5 {[%cal Gb2g7]} (
14. O-O-O Nb4 15. Kb1 c6 16. Be2 Qg5 17. Qxg5 Rxg5 18. Rdg1 Rxg1+ 19. Rxg1 g6
$11) 14... Qh4+ 15. Kd1 $2 {Gefährdet nicht nur den K aber, vor allem, kostet
zu viel Zeit.} (15. Qf2 Qxf2+ 16. Kxf2 O-O-O 17. h4 $14) 15... O-O-O $15 16.
Kc2 Ne5 (16... f5 $5) 17. Rd1 c6 18. Nc3 Be7 19. Kb1 Rdh8 {Durch den
weissenTempoverlusten hat Schwarz die Initiative ergriffen.} 20. Qd2 g5 $2 {
Schliesst die eigene Dame ein.} (20... Nxf3 $1 21. Qe3 Bg4 22. Qxa7 Ne5 23. Rd2
Bf3 $17) 21. Qe3 Kb8 22. Ne2 $1 R5h6 23. c5 $1 $14 {[%csl Re5][%cal Gb2e5] So
ist Weiss wieder 'in Business'.} Qh5 24. cxd6 $16 Bf6 25. Nd4 Bd7 26. Be2 Qg6 {
Endlich steht die Dame wieder ein bisschen anständig.} 27. Ka1 $2 (27. Nc2 Rxh2
28. Rxh2 Rxh2 29. Bd4 Ka8 30. Re1 b6 31. Bxb6 axb6 32. Qxb6 $18 Rxe2 $1 33.
Rxe2 Qg8 34. Qa5+ Kb7 35. Re3 $16) 27... Rxh2 28. Rxh2 Rxh2 29. Qg1 Rh4 30. Qg3
Rh3 31. Qf2 Qh6 {[%cal Ge5g6,Gg6f4]} 32. Bf1 Rh2 {[%cal Gh2b2]} 33. Qg3 Qh8 {
/\Rxb2, c5} 34. b4 Ng6 $17 {[%csl Rf4]} 35. Qg1 Nf4 36. Bc4 Be6 $6 (36... Nd3
$1 $19) 37. e5 Bxe5 38. Qxg5 f6 $1 $19 39. Qxf4 Bxf4 40. Nxe6 Rh1 0-1

[Event "Bundesliga 0102"]
[Site "Germany"]
[Date "2001.11.24"]
[Round "3.3"]
[White "Hertneck, Gerald"]
[Black "Paehtz, Thomas Sr"]
[Result "1-0"]
[WhiteElo "2572"]
[BlackElo "2451"]
[Annotator "Meulders,R"]
[PlyCount "75"]
[EventDate "2001.10.06"]
[EventType "team-tourn"]
[EventRounds "15"]
[EventCountry "GER"]
[SourceTitle "CBM 087"]
[Source "ChessBase"]
[SourceDate "2002.03.21"]
[SourceVersion "1"]
[SourceVersionDate "2002.03.21"]
[SourceQuality "1"]
[WhiteTeam "Tegernsee"]
[BlackTeam "Erfurt SK"]
[WhiteTeamCountry "GER"]
[BlackTeamCountry "GER"]

1. d4 Nf6 2. c4 d6 3. Nc3 Nbd7 4. e4 e5 5. Nge2 c6 6. g3 a6 7. a4 a5 {Weil ...
b5 jetzt nicht mehr möglich ist, sichert Schwarz sich das Feld b4, wohin
eventuell ein Springer herumgespielt werden kann. ...a5 verhindert auch, dass
nach Qb6 die schwarze Dame durch ein weißes a5 belästigt würde.} 8. Bg2 Be7 9.
O-O O-O 10. b3 Re8 11. Ra2 {[%cal Ga1a2,Ga2d2,Gd2d8]} (11. h3 exd4 12. Nxd4 Nc5
13. Qc2 Bf8 14. Bf4 g6 15. Rad1 $14 {1-0 Xu Jun-Chekhov,V/Beijing 1991/CBM 28 
(48)}) 11... Bf8 {[%cal Ge8e4]} 12. h3 Qb6 (12... Qc7 13. Bg5 h6 14. Be3 Be7
15. Rd2 $14 {[%csl Rc8]}) 13. Be3 {[%cal Ge3b6] Es droht dxe5, also muss
Schwarz selbst nehmen.} exd4 14. Bxd4 Nc5 $6 {Schwarz bekommt zwar das
Läuferpaar, falls Weiß auf f6 nimmt, aber die Schwächung des Königsflügels
wiegt m.E. schwerer.} (14... Qc7) 15. Bxf6 gxf6 {[%csl Rf5,Rg7,Rh5,Rh6]} 16.
Nd4 Qb4 17. Qc2 f5 {Ein Bauernopfer, um den Bf8 an den Ball zu bringen.} 18.
exf5 Bg7 19. Nce2 d5 {Nützt den umstand dass Weiss nicht nehmen kann weil Nd4
hängt.} 20. Rd1 {/\cxd5} dxc4 21. bxc4 $14 {[%csl Rc8] Das Läuferpaar gibt
Schwarz eine gewisse Kompensation für den Bauern, aber der Bc8 macht noch
immer nicht mit.} Nd7 22. Bf1 Qc5 23. Nb3 Qe5 24. Nf4 Nf6 25. Bd3 c5 {[%cal
Gb7b6,Gc8b7]} 26. Nd2 b6 27. Nf3 Qc7 28. Nd5 Nxd5 29. cxd5 Bb7 {Endlich
scheint er mitzumachen, aber viel tut er nicht und Schwarz hat noch immer
einen Bauer weniger.} 30. Bb5 Red8 31. f6 $1 {Plötzlich bekommt Weiß Angriff.}
Bxf6 32. Qf5 Rd6 33. Re2 Rad8 34. Rde1 Bc8 35. Qf4 Bd7 (35... Qb7 36. Bc6 Qc7
37. Ng5 {[%csl Rd6,Rf6][%cal Gg5e4]} Rxc6 38. dxc6 Qxc6 39. Ne4 Bg7 40. Nd6 $1
Rxd6 41. Re8+ Bf8 42. Qg5+ Rg6 43. Qd8 $18 {[%csl Rc8,Rf8]}) 36. Re7 $1 $18
Bxe7 37. Rxe7 f6 38. Qh6 1-0

[Event "EU-ch 2nd"]
[Site "Ohrid"]
[Date "2001.06.13"]
[Round "12"]
[White "Tkachiev, Vladislav"]
[Black "Galego, Luis"]
[Result "1-0"]
[WhiteElo "2672"]
[BlackElo "2429"]
[Annotator "Meulders,R"]
[PlyCount "73"]
[EventDate "2001.06.01"]
[EventType "swiss"]
[EventRounds "13"]
[EventCountry "YUG"]
[SourceTitle "CBM 084"]
[Source "ChessBase"]
[SourceDate "2001.09.13"]
[SourceVersion "1"]
[SourceVersionDate "2001.09.13"]
[SourceQuality "1"]

1. d4 Nf6 2. c4 d6 3. Nf3 c6 4. Nc3 Bg4 5. e4 Qa5 6. h3 (6. Bd3 e5 7. d5 Nbd7 (
7... Be7 8. O-O Bh5 9. Qb3 Qc7 10. Be2 Nbd7 11. Nd2 Bg6 12. Qd1 Nc5 13. f3 a5
$11 {1/2-1/2 Kubikova,H-Benes,P/CZE 1997/EXT 98 (51)}) 8. h3 (8. O-O Nc5 9. a3
Qc7 10. b4 Nxd3 11. Qxd3 Be7 12. Nd2 O-O 13. Nb3 cxd5 14. cxd5 Rfc8 15. Bd2 b6
16. f3 Bd7 17. Rfc1 Qc4 18. Qxc4 Rxc4 19. Nd1 $14 {1-0 Stadtfeld,W-Noble,A/St
Ingbert 1989/EXT 97 (58)}) 8... Bxf3 9. Qxf3 Be7 10. O-O O-O 11. Rb1 Qd8 12. b4
Ne8 13. Be3 g6 14. Rfd1 Bg5 15. dxc6 bxc6 16. c5 Bxe3 17. Qxe3 $14 {1-0
Buslaev,A-Kampenuss,P/Riga 1964/EXT 2000 (27)}) (6. Bd2 Qc7 7. Be2 e5 8. d5 a6
9. a4 a5 10. Qc2 Na6 11. Rc1 Be7 12. O-O Nd7 13. h3 Bh5 14. Rfd1 Bg6 15. Be3
O-O 16. g4 h6 17. Kg2 Rac8 18. Rh1 Ndc5 $15 {0-1 Mazoch,J-Konecny,M/Moravia
1994/EXT 97 (51)}) 6... Bh5 7. Qb3 Qb6 8. Be3 Na6 9. Nd2 Qxb3 10. Nxb3 Bg6 11.
f3 e5 12. dxe5 dxe5 13. c5 Nd7 $2 {Diese positionelle Ketzerei entscheidet
eigentlich schon die Partie.} (13... Nc7 14. Na5 Rb8 15. Nc4 Nd7 16. Nd6+ $14)
14. Bxa6 bxa6 {[%csl Ra6,Rc6]} 15. Na4 $16 O-O-O 16. Na5 Nb8 {[%csl Rb8]
Schlechter kann eind Pferdchen natürlich nicht stehen.} 17. g4 {Vorbeugend
gegen ...f5.} f6 18. Ke2 Bf7 19. b4 Be7 20. Nb2 {[%cal Gb2c4,Gc4d6]} Rd7 21.
Nbc4 Be6 22. a4 Rhd8 23. Rhc1 Rh8 $6 {Schwarz kann eigentlich nichts aktives
unternehmen.} 24. Nd6+ Bxd6 (24... Kc7 25. Nac4 $18) 25. cxd6 Rxd6 26. Bxa7 h5
{Endlich gelingt es Schwarz einige Aktivität zu entwickeln. Seine Lage ist
inzwischen aber kritisch, weil die weißen Figuren viel besser stehen und der
schwarze K gefährdet ist.} 27. Bc5 $1 {Löst den R von der Verteidigung des Bc6
los.} Rd7 28. b5 hxg4 29. hxg4 Rh2+ 30. Bf2 {[%csl Rb8,Rc6]} axb5 31. axb5 Rd4
32. b6 $5 {[%csl Rb8]} (32. bxc6) 32... Rb4 33. Rcb1 Bc4+ $2 (33... Rxb1 34.
Rxb1 c5 35. Kf1 Rh1+ 36. Bg1 {/\Kg2+-}) 34. Nxc4 Rxc4 35. Kd3 $1 $18 {Gewinnt
die Qualität und damit auch sofort die Partie.} Rxf2 36. Kxc4 Rxf3 37. Ra7 $1
1-0